000 00227nam a2200097Ia 4500
008 230915s9999 xx 000 0 und d
050 _aSB176 .E27 A25 1971
100 _aACLAND J D
245 0 _aEAST AFRICAN CROPS
942 _cBK
999 _c201712
_d201712